| 000 | 01484cam a22003857a 4500 | ||
|---|---|---|---|
| 003 | CHAP | ||
| 005 | 20220329141837.0 | ||
| 008 | 971203d1997 mx r 00110 spa d | ||
| 010 | _a74680 | ||
| 011 | _a75652 | ||
| 035 | _a85218 | ||
| 040 | _cCHAP | ||
| 090 | _aTesis | ||
| 100 | 0 | 0 |
_aHernández Aquino, María Isabel. _953806 |
| 245 | 1 | 0 |
_aEfecto de las condiciones de almacenamiento refrigerado en el obscurecimiento interno en durazno criollo (Prunus persica L. Bastch)del estado de Zacatecas _c/por María Isabel Hernández Aquino |
| 260 |
_aChapingo, Méx. : _bEl autor, _c1997. |
||
| 300 |
_a75 h. : _bgráfs. |
||
| 502 | _aTesis (Ing. Agroindustrial) -- UACH. Departamento de Ingeniería Agroindustrial | ||
| 590 |
_aALEPH _b10 _c20130110 _lUCH01 _h1421 |
||
| 590 |
_aBATCH-UPD _b10 _c20130110 _lUCH01 _h0019 |
||
| 590 |
_aBATCH-UPD _b10 _c20130110 _lUCH01 _h0433 |
||
| 590 |
_aBATCH-UPD _b10 _c20130409 _lUCH01 _h1958 |
||
| 590 |
_aBATCH-UPD _b10 _c20130410 _lUCH01 _h0400 |
||
| 590 |
_aBATCH-UPD _b10 _c20130914 _lUCH01 _h1223 |
||
| 590 |
_aCONVERSION _b10 _c20130109 _lUCH01 _h1341 |
||
| 650 | 1 | 4 |
_aDurazno _xAlmacenamiento. _934573 |
| 650 | 1 | 4 |
_aDurazno _xConservación por frío. _934584 |
| 650 | 1 | 4 |
_aDurazno _xFisiología y morfología. _934599 |
| 650 | 1 | 4 |
_aDurazno _xZacatecas. _934636 |
| 901 | _aBK | ||
| 905 | _aAlejandra Carrasco M. | ||
| 942 | _cFOLL | ||
| 949 |
_bBC _cTES _d33724000636221 _eTS2 _fc.2 _h31309 _i85218 _si |
||
| 949 |
_bBC _cTES _d852181 _eTS1 _h31308 _i85218 _sb |
||
| 999 |
_c74680 _d74680 |
||